Đánh giá tình hình sử dụng thuốc, hóa chất trong nuôi cá tra (Pangasius hypophthalmus) thâm canh ở An Giang và Cần Thơ : Luận văn Thạc sĩ chuyên ngành Nuôi trồng Thủy sản

Spremljeno u:
Bibliografski detalji
Glavni autor: Nguyễn, Chính
Format: Knjiga
Jezik:Undetermined
Izdano: Cần Thơ Trường Đại học Cần Thơ 2005
Teme:
Oznake: Dodaj oznaku
Bez oznaka, Budi prvi tko označuje ovaj zapis!
Thư viện lưu trữ: Trung tâm Học liệu Trường Đại học Cần Thơ
LEADER 00789nam a2200193Ia 4500
001 CTU_161227
008 210402s9999 xx 000 0 und d
082 |a 639.31 
082 |b Ch312 
100 |a Nguyễn, Chính 
245 0 |a Đánh giá tình hình sử dụng thuốc, hóa chất trong nuôi cá tra (Pangasius hypophthalmus) thâm canh ở An Giang và Cần Thơ : 
245 0 |b Luận văn Thạc sĩ chuyên ngành Nuôi trồng Thủy sản 
245 0 |c Nguyễn Chính ; Cán bộ hướng dẫn: Trần Thanh Hiền 
260 |a Cần Thơ 
260 |b Trường Đại học Cần Thơ 
260 |c 2005 
650 |a Fish culture 
904 |i Giang 
980 |a Trung tâm Học liệu Trường Đại học Cần Thơ